Family Feud #9 - Statistics

General Stats
  • This quiz has been taken 29 times
  • The average score is 2 of 5
Answer Stats
Hint Answer % Correct
31 Car
79%
31 Shoes
29%
21 Toilet
29%
12 Windows
29%
3 Sink
25%
No matching quizzes found
Score Distribution
Percent of People with Each Score
Percentile by Number Answered
Your Score History
You have not taken this quiz